000 00394cam a22001097a 4500
008 180718b1956 xxu||||| |||| 00| 0 eng d
082 _aP415x54 In2
245 _aNational Plan of Physical Education and Recreation
_cby The Central Advisory Board of Physical Education and Recr
260 _aNew Delhi
_bThe Manager of Punblication
_c1956
300 _a- - -
700 _aIndia. Ministry of Education
999 _c414940
_d414940